[Event "Chemnitz op 8th"]
[Site "Chemnitz"]
[Date "2009.10.01"]
[Round "1"]
[White "Hahlbeck, Sven"]
[Black "Bogdanovich, Grigory Grigorievic"]
[Result "0-1"]
[WhiteElo "1897"]
[BlackElo "2349"]
[PlyCount "120"]
[EventDate "2009.10.01"]
[EventType "swiss"]
[EventRounds "7"]
[EventCountry "GER"]
[SourceTitle "CBM 132 Extra"]
[Source "ChessBase"]
[SourceDate "2009.11.03"]
[SourceVersion "1"]
[SourceVersionDate "2009.11.03"]
[SourceQuality "1"]

1. d4 d5 2. Nf3 Nc6 3. Bf4 e6 4. e3 Nf6 5. Nbd2 Be7 6. c3 Nh5 7. Bg3 Nxg3 8. hxg3 Bf6 9. Bd3 h6 10. Qe2 Bd7 11. e4 dxe4 12. Nxe4 Be7 13. g4 Bf8 14. g5 Qe7 15. 0-0-0 0-0-0 16. Ne5 Nxe5 17. dxe5 Ba4 18. Rd2 Qe8 19. f4 Bc6 20. gxh6 Rxh6 21. Rxh6 gxh6 22. Nf6 Qe7 23. Ng8 Qc5 24. Qh5 Ba4 25. Qe2 Qg1+ 26. Qf1 Qe3 27. Nf6 Bc5 28. b3 Bc6 29. Kc2 Qg3 30. Nh5 Qg4 31. Nf6 Qg3 32. Nh5 Qh4 33. Nf6 Be3 34. Re2 Qxf4 35. Qe1 Bc5 36. g3 Qg5 37. Rh2 Bf3 38. Rh4 Qe3 39. Qf1 Bc6 40. Ne4 Bxe4 41. Rxe4 Qxg3 42. Qd1 Qf2+ 43. Re2 Qf3 44. Qd2 Qd5 45. Re1 Be7 46. Qe2 Bg5 47. Rf1 Rd7 48. Rd1 c6 49. Rf1 Bd8 50. Rd1 Ba5 51. Qe3 Bb6 52. Qe2 Qc5 53. b4 Qd5 54. c4 Qd4 55. a3 Bc7 56. Re1 Bxe5 57. Qxe5 Qxd3+ 58. Kb2 Qxc4 59. Qh8+ Rd8 60. Qxh6 Qd3 0-1